000 00429nam a22001457a 4500
041 _aENG
100 _aMayee. C.D
245 _aJob Opportunities And Learaning Avenues For Graduates Of Agricultural Universities
250 _aFirst ED
260 _aParbhani
_bArathwada Agricutural University
_c1996
300 _a294
650 _aCompetive Exam
700 _aDhoble R.L ,Kurundkar.B.P ,Patil.H.B
856 _uCompetive Exam
999 _c510
_d510